| 000 | 01090nam a22002537a 4500 | ||
|---|---|---|---|
| 005 | 20170124103214.0 | ||
| 010 | _aA-933067 | ||
| 020 | _c750.00 | ||
| 035 | _aA-933067 | ||
| 037 | _bCen Lib/Ret | ||
| 040 |
_aDPL _bHN |
||
| 082 |
_a780 _bमिश्रका |
||
| 100 |
_aमिश्र, कामलेश्वर _997009 |
||
| 245 |
_aकाशी का संगीत : _cकामलेश्वर मिश्र _bसंगीतजगत को काशी का योगदान / |
||
| 246 |
_aKashi ka sangeet : sangeetjagat ko kashi ka yogdan / _bby Kamleshwar Mishra |
||
| 260 |
_aलखनऊ _bभारत बुक सेंटर _c1997 |
||
| 270 |
_bलखनऊ _a17, अशोक नगर _e226001 |
||
| 300 |
_a394पृ. : _c21सेमी(सजिल्द ) _bसचित्र |
||
| 650 |
_aसंगीत _x _z _997010 |
||
| 650 |
_aसंगीत इतिहास -- भारत _91542 |
||
| 650 |
_aMusic _94778 |
||
| 650 |
_aMusic History - India _997011 |
||
| 942 |
_2ddc _cHN _h780 _mमिश्रका |
||
| 999 |
_c121397 _d121397 |
||